000 00697nam a2200193Ia 4500
005 20250423100454.0
008 250422s9999 xx 000 0 und d
020 _a9781581101119
050 _aRJ 383 .E89/
100 _aEtzel, Ruth A.
245 0 _aPediatric environmental health
250 _a2nd ed.
260 _aUnited Kingdom
260 _bAmerican Academy of Pediatrics
260 _c2003
300 _a720 p
650 _a Environmentally induced diseases in children--Handbooks, manuals, etc. Pediatric toxicology--Handbooks, manuals, etc. Children and the environment--Handbooks, manuals, etc. Children--Diseases--Environmental aspects--Handbooks, manuals, etc.
942 _cBK
999 _c33410
_d33410